00841nam a22002297a 450000500170000001000150001702000260003203500140005803700090007208200080008110000320008924500820012125000060020326000530020927000760026230000190033870000290035770000340038694200220042099900190044295201500046120241203142035.0 aENG-142773 c165.00a9789364449113 aEN-126305 bDBAD a660 aSivagurunathan, G.S.974590 aEngineering Chemistry/cby G.S. Sivagurunathan; S. Rekha [and] M. Sivaperumal a1 aChennaibMcGraw Hill Education Private Ltdc2024 aAnjana Complex, No. 5/90A, Butt Road, St Thomas Mount bChennaie600016 avpp.c23cm(pb) a S. RekhaeAuthor974591 aM. SivaperumaleAuthor974592 2ddccENmSIVh660 c207365d207365 001040708NFICaLbLd2024-12-03eDelivery of Books Act Divisiong165.00l0oSIV 660pEN-126305r2024-12-03 00:00:00t1v165.00w2024-12-03yEN